00333nam a2200133Ia 4500008004100000082002000041100001500061245002700076250000600103260002800109300000800137630002700145730002700172100122s9999 xx 000 0 und d b35515a294.5921 aPANDIT M P aGUILD TO THE UPNISHADS a0 bDIPTI PUBLICATIONc1905 a134 aGUILD TO THE UPNISHADS aGUILD TO THE UPNISHADS